| 000 | 00000nam 2200000za 4500 |
| 001 | 9.806428 |
| 003 | CaOODSP |
| 005 | 20250729084030 |
| 007 | cr ||||||||||| |
| 008 | 150605s2004 onc|||||o f|0| 0 eng d |
| 040 | |aCaOODSP|beng |
| 043 | |an-cn--- |
| 086 | 1 |aEn3-4/216-2004E-PDF |
| 245 | 00|aRecovery strategy for the Northern Spotted Owl (Strix occidentalis caurina) in British Columbia |h[electronic resource]. |
| 260 | |a[Victoria, B.C.] : |bEnvironment Canada, |c2004. |
| 300 | |a[96] p. in various pagings : |btables, maps, figures. |
| 490 | 1 |aSpecies at Risk Act recovery strategy series. |
| 500 | |a"April 19, 2004." |
| 500 | |aIncludes ammendments from October 2006. |
| 500 | |aIssued also in French under title: Programme de rétablissement de la Chouette tachetée du Nord (Strix occidentalis caurina) en Colombie-Britannique. |
| 504 | |aIncludes bibliographical references. |
| 692 | 07|2gccst|aEndangered species |
| 710 | 1 |aCanada. |bEnvironment Canada. |
| 775 | 08|tProgramme de rétablissement de la Chouette tachetée du Nord (Strix occidentalis caurina) en Colombie-Britannique |w(CaOODSP)9.806462 |
| 794 | |tAmended recovery strategy for the spotted owl caurina subspecies (Strix occidentalis caurina) in Canada.|w(CaOODSP)9.947832 |
| 830 | #0|aSpecies at Risk Act recovery strategy series.|w(CaOODSP)9.505071 |
| 856 | 40|qPDF|s984 KB|uhttps://publications.gc.ca/collections/collection_2015/ec/En3-4-216-2004-eng.pdf |